| 000 -ლიდერი |
| ფიქსირებული სიგრძის საკონტროლო ველი |
01561nam a2200241Ia 4500 |
| 001 - საკონტროლო ნომერი |
| საკონტროლო ველი |
2724 |
| 003 - საკონტროლო ნომრის იდენტიფიკატორი |
| საკონტროლო ველი |
GE_BSU |
| 005 - ბოლო ოპერაციის თარიღი და დრო |
| საკონტროლო ველი |
20190605192128.0 |
| 008 - ფიქსირებული სიგრძის მონაცემთა ელემენტები - ზოგადი ინფორმაცია |
| ფიქსირებული სიგრძის საკონტროლო ველი |
181216s2012||||ge |||||||||||||| ||geo|| |
| 040 ## - კატალოგიზაციის წყარო |
| Transcribing agency |
GE_BSU |
| 041 ## - ენის კოდი |
| Language code of text/sound track or separate title |
geo |
| 080 ## - უნივერსალური ათობითი კლასიფიკაციის ინდექსი |
| Universal Decimal Classification number |
271.222(479.22) ჯ–26 |
| 100 ## - მთავარი ჩანაწერი - პიროვნების სახელი |
| Personal name |
ჯაფარიძე, ანანია მიტროპოლიტი |
| 9 (RLIN) |
2177 |
| 245 ## - ცნობა სათაურის შესახებ |
| Title |
ცხოვრება და მოღვაწეობა წმიდისა და ნეტარისა მამისა ჩვენისა პეტრე ქართველისა, რომელიც იყო ძე ქართველთა მეფისა / |
| Statement of responsibility, etc |
წიგნზე მუშაობდნენ: ანა აბულაძე, ნანა ზაქროშვილი; გამოიცა მანგლისისა და წალკის მიტროპოლიტ ანანიას (ჯაფარიძე) ლოცვა-კურთხევით. |
| 264 ## - წარმოების, გამოცემის, დისტრიბუციის და სხვა ცნობები |
| გამოცემის, წარმოების, დისტრიბუციის... ადგილი |
თბილისი, |
| გამოცემის, წარმოების, დისტრიბუციის... თარიღი |
2012. |
| 300 ## - ფიზიკური აღწერა |
| Extent |
67 გვ. : |
| Other physical details |
ილ., |
| Dimensions |
20 სმ. |
| 600 ## - SUBJECT ADDED ENTRY--PERSONAL NAME |
| Personal name |
პეტრე იბერი |
| 9 (RLIN) |
2180 |
| 653 ## - INDEX TERM--UNCONTROLLED |
| Uncontrolled term |
ქართველ წმინდანთა ცხოვრება |
| 700 ## - ADDED ENTRY--PERSONAL NAME |
| Personal name |
აბულაძე, ანა |
| Relator term |
შემდგენელი |
| 9 (RLIN) |
2181 |
| 700 ## - ADDED ENTRY--PERSONAL NAME |
| Personal name |
ზაქროშვილი, ნანა |
| Relator term |
შემდგენელი |
| 9 (RLIN) |
2182 |
| 700 ## - ADDED ENTRY--PERSONAL NAME |
| Personal name |
მიქიაშვილი, მარიამ |
| Relator term |
შემდგენელი |
| 9 (RLIN) |
2183 |
| 942 ## - ADDED ENTRY ELEMENTS (KOHA) |
| Koha item type |
წიგნი |
| Source of classification or shelving scheme |
|